00612 2200241 4500001002100000005001500021035002000036245005900056100002000115250000600135300003500141700001200176260003900188082001000227084001600237020002200253650001000275990001700285990001700302990001700319990001700336990001700353INLIS00000000000013620180831105324 a0010-08180001001 aMengenal Warna /cRantinah Sastra; Ilustrator, Junarko0 aRantinah Sastra a- avi, 50 hlm. :bilus. ;c25 cm.0 aJunarko aKlaten :bPT Intan Pariwara,c2007 a535.5 a535.5 RAN m a978-979-28-0199-6 aWarna a00578/P/2018 a00579/P/2018 a00580/P/2018 a00581/P/2018 a00582/P/2018